Statistics for Japan Airlines Destinations

Click here to take the quiz!

General Stats

  • This quiz has been taken 315 times
    (303 since last reset)
  • The average score is 27 of 74

Answer Stats

Answer% Correct
New York
85%
London
84%
Paris
83%
Beijing
80%
Los Angeles
80%
Hong Kong
73%
San Francisco
72%
Sydney
72%
Singapore
71%
Bangkok
68%
Jakarta
66%
Delhi
64%
Moscow
64%
Kuala Lumpur
62%
Chicago
61%
Frankfurt
60%
Vancouver
60%
Manila
59%
Hanoi
58%
Honolulu
56%
Tokyo Narita
56%
Tokyo Haneda
54%
Guangzhou
51%
Dallas
50%
Nagoya
50%
Fukuoka
47%
Busan
46%
Boston
45%
Osaka Kansai
42%
Hiroshima
41%
Ho Chi Minh City
40%
Seoul Incheon
40%
Nagasaki
39%
Naha
38%
San Diego
37%
Helsinki
30%
Shanghai Pudong
29%
Kagoshima
28%
Osaka Itami
27%
Aomori
25%
Jeju
25%
Seoul Gimpo
22%
Tianjin
22%
Kumamoto
21%
Niigata
21%
Akita
20%
Guam
19%
Okayama
19%
Hakodate
18%
Kitakyushu
17%
Kochi
17%
Oita
17%
Taiwan Taoyuan
17%
Matsuyama
16%
Shanghai Hongqiao
16%
Dalian
15%
Takamatsu
15%
Miyazaki
14%
Tokushima
14%
Asahikawa
13%
Kaohsiung
13%
Komatsu
12%
Taipei Songshan
12%
Kushiro
10%
Yamagata
10%
Izumo
9%
Hanamaki
8%
Obihiro
8%
Amami Oshima
7%
Memanbetsu
6%
Yamaguchi-Ube
6%
Shrahama
5%
Misawa
4%
Tokunoshima
2%

Score Distribution

Percentile by Number Answered

Percent of People with Each Score

Your Score History

You have not taken this quiz since the last reset